000 00792nam a2200217 a 4500
005 20230809063533.0
008 011122s1989 mx r 000 0 spa d
020 _a9683902952
035 _aUPN01000114055
049 _aCG
050 4 _aF869 L8
_bC3.5
100 1 _aCastillo, Pedro G.
245 1 0 _aMéxico en Los Angeles :
_buna historia social y cultural, 1781-1985 /
_cPedro G. Castillo, Antonio Ríos Bustamante ; tr. Ana Rosa González Matute.
260 _aMéxico :
_bAlianza Editorial Mexicana :
_bCNCA, Dirección General de Publicaciones,
_c1989.
300 _a288 p. :
_bil.
440 4 _aLos noventa ;
_v4
651 4 _aLOS ANGELES, CALIFORNIA -
_xHISTORIA
650 4 _aMexicanos en los Estados Unidos
_94447
700 1 _aRíos Bustamante, Antonio,
_ecoaut.
905 _aLibro
999 _c87963
_d87963